000 00343nam a2200133Ia 4500
008 230411s9999 xx 000 0 und d
041 _aeng
082 _aAN/610.736 8/MOM/B08941
100 _aMomin S
245 _aPrasutishastra V Kala
260 _bSirajo Shafi Publication
_aKolhapur
_c2004
300 _a382p
999 _c158331
_d158331